00683nam a2200241 a 4500001001300000003000900013005001700022008004100039020000800080082001600088100002300104245004400127260003700171300000900208500003500217505000800252650001600260700002300276902000800299942000700307952011200314999001500426nice12345678IN_TiNIC20260116011939.0050524s1976 luca grp 000 0 urd  ac500a891.47bPAS aPasha, Ahmad Jamal aFan-E-Latifagoi Aur Pharakte Hue Latife aLucknowbMatbua Nami Pressc1976 a144p aincludes index and biblioraphy2 aIll aUrdu-Satire1 aPasha, Ahmad Jamal bSRS cBK 001040708StackRoom-aHMIbHMId2007-06-01g5.00l0o891.47 PASp05580r2007-06-01v5.00w2005-05-24yBK c5016d5016